01012nam a2200217 a 450000100100000000500170001000800410002704000250006808200150009310000430010824500380015126000420018930000170023150000310024850000620027959000260034195201230036795201730049095201140066399900170077700001331820200929163208.0091123s1992 dr 000 0 spa d aDO-SdBNPbspacBNPHU axxxbP515d1 aPeynado, Jacinto B.d1941- 200493051410aDiscursos /cJancinto B. Peynado. aSanto Domingo :bAlfa y Omega,c1992. av. ;c24 cm. aLa bibliteca posee el v. 1 aIncluye datos biográficos del autor en la contraportada aInventariado, 2019/VM 001054708PDaGRbGRcHDd2011-07-19iLF1l0ov. 1, e. 3p13318-30r2020-06-25w2020-06-25yLFPDZPréstamo en sala 0010718PDaPDbPDcHDd2009-11-23iLF1l0ov. 1p13318-10r2020-06-25w2020-06-25yLFPDzPerteneció a la bilbioteca personal de Germán Emilio Ornes.ZNo se presta 0010718PDaPDbPDcHDd2009-11-23iLF1l0ov. 1, e. 2p13318-20r2020-06-25w2020-06-25yLFPDZNo se presta c12948d12948